| 000 | 00768nac a22002051u 4500 | ||
|---|---|---|---|
| 010 | _a2004097758 | ||
| 020 | _a0672327546 (pbk.) | ||
| 035 | _a(OCoLC)ocm62472297 | ||
| 082 | 0 | 4 |
_a006.786 _bK395 |
| 090 |
_c737 _d737 |
||
| 100 | _aKerman, Phillip. | ||
| 245 | 1 | 0 |
_aSams teach yourself Macromedia Flash 8 in 24 Hours / _cPhilip Kerman. |
| 246 | 3 | 0 | _aMacromedia Flash 8 in 24 Hours |
| 246 | 3 | 0 | _aTeach yourself Macromedia Flash 8 in 24 Hours |
| 260 |
_aIndianapolis, Ind. : _bSams,2006 _c2006. |
||
| 300 |
_aviii, 612 p. : _bill. _c24 cm. |
||
| 650 | 0 | _aComputer animation. | |
| 942 |
_cBB _k006.786K395 |
||
| 999 |
_c737 _d737 |
||